| 000 | 00883nam a2200229 i 4500 | ||
|---|---|---|---|
| 001 | 16867 | ||
| 003 | ES-MaACL | ||
| 005 | 20250905142147.0 | ||
| 007 | t| | ||
| 008 | 001116s1986 sp ||||0| spa | ||
| 080 | _a75 Villaseñor, Manuel (064.3) | ||
| 245 | 0 | 0 |
_aVillaseñor, 1975-1986 _b: Centro de Exposiciones y Congresos, del 22 de octubre al 22 de noviembre de 1986. |
| 260 |
_a[Zaragoza] : _bCaja de Ahorros y Monte de Piedad de Zaragoza, Aragón y Rioja, _c[1986] |
||
| 300 |
_a40 p. : _bil. col. y n. ; _c30 cm. |
||
| 600 | 0 | 4 |
_aVillaseñor, Manuel, _d1924-1996- _vExposiciones _9115159 |
| 655 | 7 |
_2tgfbne _9193628 _aCatálogos de exposiciones |
|
| 700 | 1 |
_aVillaseñor, Manuel, _d1924-1996 _9115158 |
|
| 710 | 2 |
_aCaja de Ahorros y Monte de Piedad de Zaragoza, Aragón y Rioja. _92326 |
|
| 852 |
_aES-MaACL _jG-2235 |
||
| 942 | _2udc | ||
| 999 |
_c16867 _d16867 |
||